LIBRARY & INFORMATION CENTRE, KCAET, TAVANUR

ONLINE PUBLIC ACCESS CATALOGUE (OPAC)

Mastering HTML, CSS & Javascript web publishing (Record no. 17381)

MARC details
000 -LEADER
fixed length control field 00407nam a22001457a 4500
003 - CONTROL NUMBER IDENTIFIER
control field OSt
008 - FIXED-LENGTH DATA ELEMENTS--GENERAL INFORMATION
fixed length control field 210806b ||||| |||| 00| 0 eng d
020 ## - INTERNATIONAL STANDARD BOOK NUMBER
ISBN 9788183335157
082 ## - DEWEY DECIMAL CLASSIFICATION NUMBER
Classification number 006.74
Item number LEM/MA
100 ## - MAIN ENTRY--AUTHOR NAME
Personal name Lemay, Laura
-- Colburn, Rafe
-- Kyrnin, Jennifer
245 ## - TITLE STATEMENT
Title Mastering HTML, CSS & Javascript web publishing
260 ## - PUBLICATION, DISTRIBUTION, ETC. (IMPRINT)
Place of publication New Delhi
Name of publisher BPB Publications
Year of publication 2019
490 ## - SERIES STATEMENT
Series statement Sams
942 ## - ADDED ENTRY ELEMENTS (KOHA)
Koha item type Books
Holdings
Withdrawn status Lost status Damaged status Collection code Home library Current library Shelving location Date acquired Cost, normal purchase price Full call number Accession Number Koha item type
      General Books KAUAET KAUAET Scheme 31/03/2021 495.00 006.74 LEM/MA BB 628 Book Bank scheme for SC students
      General Books KAUAET KAUAET Scheme 31/03/2021 495.00 006.74 LEM/MA BB 629 Book Bank scheme for SC students
free website counter